Fact sheet : Republic of Ghana.
| Format: | Book |
|---|---|
| Published: |
Kuala Lumpur:
MATRADE,
1996.
|
| Subjects: |
| LEADER | 00503cam a2200169 7i4500 | ||
|---|---|---|---|
| 001 | 0000006518 | ||
| 005 | 19991025090000.0 | ||
| 002 | ##000008210 | ||
| 020 | 0 | 0 | |a T000006240 |
| 090 | 0 | 0 | |a MAT 330.9 |b FAC |
| 245 | 0 | 0 | |a Fact sheet : |b Republic of Ghana. |
| 260 | 0 | 0 | |a Kuala Lumpur: |b MATRADE, |c 1996. |
| 300 | 0 | 0 | |a [n.p]. |
| 650 | 0 | 0 | |a Ghana -- |x Economic conditions |
| 651 | 0 | 0 | |a Ghana |
| 999 | |a 0000009498 |b Book |c Open shelf |e Business Information Centre | ||
| 999 | |a 0000009497 |b Book |c Open shelf |e Business Information Centre | ||